| 000 | 01079nam a2200301Ia 4500 | ||
|---|---|---|---|
| 001 | Z_1983 | ||
| 003 | CHAP | ||
| 008 | 220113s1998 xx 000 0 und d | ||
| 010 | _a165056 | ||
| 040 | _cCHAP | ||
| 090 | _aTesis G 1281 | ||
| 100 |
_aGonzález Trigueros, José Luis _949461 |
||
| 245 |
_aSincronización, superovulación, recolección y transferencia de embriones en ganado bovino lechero, bajo las condiciones de manejo de la Granja Experimental de la Universidad Autónoma Chapingo / _cpor José Luis González Trigueros |
||
| 260 |
_aChapingo, Méx. : _bEl autor, _c1998 |
||
| 300 |
_a58 h. : _bilus. ; gráfs. ; cuadros |
||
| 502 | _aTesis (Ing. Agr. Esp. en Zootecnia) -- UACH. Departamento de Zootecnia | ||
| 650 |
_aEmbriones _xTransferencia _936493 |
||
| 650 |
_aGanado lechero _xReproducción _945294 |
||
| 650 |
_aGanado vacuno _xreproducción _945510 |
||
| 650 |
_aOvulación _984414 |
||
| 650 |
_aSincronización del celo _9106556 |
||
| 901 | _aTESIS G 1281 | ||
| 902 | _aM | ||
| 910 | _a1998 | ||
| 942 | _c2 | ||
| 942 | _c2 | ||
| 999 |
_c165056 _d165056 |
||